000 00887cam a22003017a 4500
003 CHAP
005 20220329135542.0
008 971013s1970 r 00010 d
010 _a38391
011 _a39363
035 _a43483
040 _cCHAP
082 _a338.27282
_bP45
110 _aPEMEX
_986658
245 1 3 _aEl petróleo
260 _aMéxico :
_bPEMEX,
_c1970
300 _a202 p.
590 _aBATCH-UPD
_b10
_c20130109
_lUCH01
_h2354
590 _aBATCH-UPD
_b10
_c20130110
_lUCH01
_h0310
590 _aBATCH-UPD
_b10
_c20130409
_lUCH01
_h1927
590 _aBATCH-UPD
_b10
_c20130914
_lUCH01
_h1911
590 _aCONVERSION
_b10
_c20130109
_lUCH01
_h1321
650 1 4 _aPetróleo
_xIndustria
_zMéxico.
_987668
700 0 _aZarazúa Mociño, Humberto.
_9123705
901 _aBK
942 _cLIBRO
949 _a338.27282 P45
_bBC
_cLIBRO
_d33724000928099
_eLIBRO
_h16287
_i43483
_si
999 _c38391
_d38391